000 00782nam a2200241 a 4500
001 64038
003 BD-RjUL
005 20211209081250.0
008 170208s1994 ii 000 0 eng d
035 _a(BD-RjUL)64168
040 _aDLC
_cDLC
_beng
_dBD-RjUL
041 _aeng
082 _a305.6970954
_bRAI 1994
100 1 _aRajshekar Shetty, V. T.,
_d1932-
_9190217
245 1 0 _aIndia's Muslim problem :
_bagony of the country's single largest community persecuted by Hindu nazis /
_cV.T. Rajshekar.
260 _aBangalore :
_bDalit Sahitya Akademy,
_c1994
300 _a91 p. ;
_c23 cm.
504 _aIncludes bibliographical references
650 0 _aMuslims
_zIndia.
_9172017
710 2 _aDalit Sahitya Akademy.
_9190218
942 _2ddc
_cBK
999 _c64038
_d64038